| 000 | 00521nam a2200181 4500 | ||
|---|---|---|---|
| 001 | 109314 | ||
| 003 | ES-MaACL | ||
| 005 | 20230906184823.0 | ||
| 007 | t| | ||
| 008 | 061121s1967 sp r ||||1| spa d | ||
| 100 | 1 |
_aOlivier, Daría. _986887 |
|
| 245 | 1 | 0 |
_aCatalina la Grande / _cDaría Olivier ; versióon Ana Domenech. |
| 250 | _a[1ª ed.]. | ||
| 260 |
_aBarcelona [etc.] : _bGrijalbo, _c1967. |
||
| 300 |
_a310 p. 12 lám. ; _c22 cm. |
||
| 700 | 1 |
_aDomenech, Ana. _945071 |
|
| 852 |
_aES-MaACL _jC-33037 _bR.63401 |
||
| 999 |
_c109314 _d109314 |
||